|
|
|
|
| LEADER |
00000nab a2200000ua 4500 |
| 001 |
vtls010766166 |
| 003 |
SK-MaSNL |
| 005 |
20260304200542.0 |
| 008 |
250718s1977 xo |||||||||||||||||slo| |
| 035 |
|
|
|a (urnnbn)urn:nbn:sk:snk:ar-a00690
|
| 035 |
|
|
|a (uuid)e73eae14-8ded-4d5f-a546-70abacaed02c
|
| 035 |
|
|
|a urn:nbn:sk:snk-ab512q
|
| 040 |
|
|
|a SNKBUCL
|b slo
|c SNKBUCL
|e AACR2
|
| 041 |
0 |
|
|a slo
|
| 044 |
|
|
|a xo
|c SK
|
| 100 |
1 |
|
|a Kepeňa, Ladislav,
|d 1932-2002
|4 aut
|9 49157
|
| 245 |
1 |
0 |
|a Pichavosť včelstiev
|c Ladislav Kepeňa
|
| 773 |
0 |
|
|t Včelár : odborný časopis Povereníctva poľnohospodárstva a lesného hospodárstva a Ústredia včelárskych združení na Slovensku
|g Roč. 51, č. 10 (1977), s. 221
|
| 850 |
|
|
|a Slovenská národná knižnica
|
| 852 |
|
|
|a Slovenská národná knižnica
|
| 954 |
|
|
|a odborná, vedecká literatúra pôvodná (slovenská)
|2 lita
|
| 958 |
|
|
|a article3
|
| 958 |
|
|
|a OND
|
| 958 |
|
|
|a EUIPO
|
| 999 |
|
|
|c 3089194
|d 3091124
|